| 000 | 01503nam a2200361Ia 4500 | ||
|---|---|---|---|
| 001 | ebr10658910 | ||
| 003 | CaPaEBR | ||
| 006 | m u | ||
| 007 | cr cn||||||||| | ||
| 008 | 090108s2009 nyuab sb 001 0 eng d | ||
| 010 | _z 2009000131 | ||
| 020 | _z1606927035 (hardcover) | ||
| 020 | _z9781606927038 (hardcover) | ||
| 020 | _z9781608767915 | ||
| 040 |
_aCaPaEBR _cCaPaEBR |
||
| 035 | _a(OCoLC)763152028 | ||
| 050 | 1 | 4 |
_aS600.7.C54 _bC668 2009eb |
| 082 | 0 | 4 |
_a338.1/4 _222 |
| 245 | 0 | 0 |
_aClimate variability, modeling tools and agricultural decision-making _h[electronic resource] / _cAngel Utset, editor. |
| 260 |
_aNew York : _bNova Science Publishers, _cc2009. |
||
| 300 |
_axi, 361 p. : _bill. (some col.), maps (some col.). |
||
| 490 | 1 | _aClimate change and its causes, effects and prediction | |
| 504 | _aIncludes bibliographical references index. | ||
| 533 |
_aElectronic reproduction. _bPalo Alto, Calif. : _cebrary, _d2013. _nAvailable via World Wide Web. _nAccess may be limited to ebrary affiliated libraries. |
||
| 650 | 0 |
_aClimatic changes _xRisk management _zEurope. |
|
| 650 | 0 |
_aAgriculture _zEurope _xDecision making. |
|
| 651 | 0 |
_aEurope _xClimate. |
|
| 655 | 7 |
_aElectronic books. _2local |
|
| 700 | 1 | _aUtset Suastegui, Angel. | |
| 710 | 2 | _aebrary, Inc. | |
| 830 | 0 | _aClimate change and its causes, effects and prediction. | |
| 856 | 4 | 0 |
_uhttp://site.ebrary.com/lib/rucke/Doc?id=10658910 _zAn electronic book accessible through the World Wide Web; click to view |
| 999 |
_c178193 _d178193 |
||